| 000 | 00910nam a2200241 i 4500 | ||
|---|---|---|---|
| 001 | 169085 | ||
| 003 | ES-MaACL | ||
| 005 | 20250812062535.0 | ||
| 008 | 080807s1954 sp f |||| | spa d | ||
| 080 | _a72(73) | ||
| 100 | 1 |
_aJacobs, Stephen W. _9138161 |
|
| 245 | 1 | 3 |
_aLa arquitectura contemporánea en los Estados Unidos / _cStephen W. Jacobs. |
| 260 |
_aMadrid : _bAteneo, _c1954. |
||
| 300 |
_a27 p. : _b7 lám. ; _c19 cm. |
||
| 490 | 1 |
_aColección "O crece o muere" ; _v70 |
|
| 500 | _aEl original fue dado a conocer por el autor, en el Ateneo de Madrid el día 29 de enero de 1954, durante la Semana de Cultura Norteamericana. | ||
| 610 | 2 | 7 |
_aAteneo de Madrid- _vConferencias- _y1940-1982. _91908 |
| 650 | 4 |
_aArquitectura norteamericana. _9138162 |
|
| 830 | 0 | 0 |
_aColección "O crece o muere" _v70 _9183476 |
| 852 |
_aES-MaACL _jJ-24(70) |
||
| 852 |
_aES-MaACL _jJ-25(70) |
||
| 999 |
_c169085 _d169085 |
||